| 000 | 00408nam a2200145Ia 4500 | ||
|---|---|---|---|
| 008 | 231129s2010||||xx |||||||||||||| ||spa|| | ||
| 020 | _a978-958-8596-51-8 | ||
| 040 | _bspa | ||
| 082 | _aCo861.5 M992a | ||
| 100 | _aMutis Durán Santiago | ||
| 245 | 0 | _aAlgunas prosas y otros poemas: antología personal | |
| 260 | _c2010 | ||
| 264 | _aCaza de Libros | ||
| 942 |
_2ddc _cBKS |
||
| 999 |
_c4771 _d4771 |
||